Information systems management in practice

Αποθηκεύτηκε σε:
Λεπτομέρειες βιβλιογραφικής εγγραφής
Άλλοι συγγραφείς: Sprague, Ralph H. (Επιμελητής έκδοσης), McNurlin, Barbara C. (Barbara Canning) (Επιμελητής έκδοσης)
Μορφή: Βιβλίο
Γλώσσα:English
Δημοσίευση: Englewood Cliffs : Prentice-Hall, c1993
Έκδοση:3rd ed.
Θέματα:
Ετικέτες: Προσθήκη ετικέτας
Δεν υπάρχουν, Καταχωρήστε ετικέτα πρώτοι!

MARC

LEADER 00000nam a2200000 i 4500
001 1/66110
008 931019s1993 eng d
020 |a 0-13-465477-3 (hbk.) 
020 |a 0130422762 (pbk.) 
035 |a ΛΕΣΒΟΣb10001670  |l 10001670 
040 |a GR-MY-UA  |b gre  |e aacr 
041 0 |a eng 
082 0 |a 658.4038 
245 1 0 |a Information systems management in practice /  |c edited by Ralph H. Sprague, Barbara C. McNurlin 
250 |a 3rd ed. 
260 |a Englewood Cliffs :   |b Prentice-Hall,   |c c1993 
300 |a xv, 576 σ.;  |b εικ.;  |c 24 εκ. 
504 |a Περιέχει βιβλιογραφικές παραπομπές και ευρετήριο 
650 0 0 |a Management information systems. 
650 0 0 |a Management information systems  |x Management. 
650 0 0 |a Information resources management. 
700 1 |a Sprague, Ralph H.  |4 edt 
700 1 |a McNurlin, Barbara C.  |q (Barbara Canning)  |4 edt 
852 |a INST  |b CHIOS  |e 19981016  |h 658.4038 INF  |p 005200015512  |q 005200015512  |t BK  |y 0 
852 |a INST  |b LESVOS  |e 19931019  |h 658.4038 INF  |p 005100006067  |q 005100006067  |t BK  |y 0 
901 |a BIBL-1998-3 
909 |a Λ  |b 027073 
909 |a Χ  |b 031385 
922 |a 2ΕΛΗ  |b 199310  |c ΒΑΛΙΡΗΣ  |d LEADER BOOKS